| Tag |
First Indicator |
Second Indicator |
Subfields |
| LEADER |
00000cam a2200000 a 4500 |
| 001 |
in00001570121 |
| 005 |
20151022084905.0 |
| 008 |
000911s2000 ilua b 101 0 eng d |
| 020 |
|
|
|a 0780355199 (softbound edition)
|
| 020 |
|
|
|a 0780355202 (casebound edition)
|
| 020 |
|
|
|a 0780355210 (microfiche edition)
|
| 020 |
|
|
|a 0780355229 (CD-ROM edition)
|
| 035 |
|
|
|a (OCoLC)ocm44993519
|
| 040 |
|
|
|a CIN
|c CIN
|d TXA
|d UtOrBLW
|
| 049 |
|
|
|a TXAM
|
| 090 |
|
|
|a TJ212.2
|b .A5 2000
|
| 111 |
2 |
|
|a American Control Conference
|d (2000 :
|c Chicago, Ill.)
|
| 245 |
1 |
0 |
|a Proceedings of the 2000 American Control Conference :
|b ACC : June 28-30, 2000, Hyatt Regency Chicago, Chicago, Illinois, USA /
|c sponsoring organization, American Automatic Control Council, in cooperation with IFAC ; member societies, AIAA [and others].
|
| 246 |
3 |
0 |
|a 2000 American Control Conference
|
| 246 |
3 |
0 |
|a ACC
|
| 264 |
|
1 |
|a Evanston, IL :
|b American Automatic Control Council ;
|a Piscataway, NJ :
|b IEEE,
|c [2000]
|
| 264 |
|
4 |
|c ©2000
|
| 300 |
|
|
|a 6 volumes (4445 pages) :
|b illustrations ;
|c 28 cm.
|
| 336 |
|
|
|a text
|b txt
|2 rdacontent
|
| 337 |
|
|
|a unmediated
|b n
|2 rdamedia
|
| 338 |
|
|
|a volume
|b nc
|2 rdacarrier
|
| 500 |
|
|
|a "IEEE catalog number 00CH36334"--Title page verso.
|
| 504 |
|
|
|a Includes bibliographical references and indexes.
|
| 650 |
|
0 |
|a Automatic control
|v Congresses.
|
| 650 |
|
0 |
|a Digital control systems
|v Congresses.
|
| 650 |
|
0 |
|a Guidance systems (Flight)
|v Congresses.
|
| 710 |
2 |
|
|a American Automatic Control Council.
|
| 710 |
2 |
|
|a International Federation of Automatic Control.
|
| 948 |
|
|
|a cataloged
|b h
|c 2000/11/14
|d c
|e dmitchel
|f 11:06:52 am
|
| 994 |
|
|
|a E0
|b TXA
|
| 999 |
|
|
|a MARS
|
| 999 |
f |
f |
|s c548765a-f33b-3b9b-bc98-b57d23849421
|i 91dc8e66-4f69-3aac-97bf-23359fc3c924
|t 0
|
| 952 |
f |
f |
|p ric
|a Texas A&M University
|b Rellis Campus
|c Joint Library Facility
|d Remote Storage
|t 0
|e TJ212.2 .A5 2000
|h Library of Congress classification
|i unmediated -- volume
|k v.3
|m A14826641148
|
| 952 |
f |
f |
|p ric
|a Texas A&M University
|b Rellis Campus
|c Joint Library Facility
|d Remote Storage
|t 0
|e TJ212.2 .A5 2000
|h Library of Congress classification
|i unmediated -- volume
|k v.5
|m A14826641229
|
| 998 |
f |
f |
|a TJ212.2 .A5 2000
|s v.3,v.5
|t 0
|l Remote Storage
|